Opposition outflanked /
sin resumen
保存先:
| 第一著者: | |
|---|---|
| フォーマット: | テキスト |
| タグ: |
タグ追加
タグなし, このレコードへの初めてのタグを付けませんか!
|
MARC
| LEADER | 00000 a a2200000 04500 | ||
|---|---|---|---|
| 001 | 9886 | ||
| 003 | |||
| 040 | |||
| 100 | |a Zindar, John M | ||
| 245 | |a Opposition outflanked / |c John M Zindar | ||
| 520 | |a sin resumen | ||
| 773 | |g volumen 22, número 4; páginas 31-35 | ||
| 999 | |c 23450 |d 23450 | ||
| 773 | 0 | |0 43153 |9 9038 |a North American Congress on Latin America (NACLA) |d Nueva York: North American Congress on Latin America (NACLA), 1967- |o 22891 |t NACLA: | |
